Sports Quiz

Random Sports or NBA Quiz
Score 0/70 Timer 10:00
1 Play Today
Year Player % Correct
2003-04LeBron James
95.3%
2017-18Ben Simmons
92.7%
2018-19Luka Dončić
91.2%
2007-08Kevin Durant
90.7%
2011-12Kyrie Irving
89.6%
2015-16Karl-Anthony Towns
88.2%
2005-06Chris Paul
87.4%
1984-85Michael Jordan
86.5%
2014-15Andrew Wiggins
86.3%
2012-13Damian Lillard
84.8%
1997-98Tim Duncan
83.9%
2008-09Derrick Rose
83.9%
1998-99Vince Carter
82.5%
1996-97Allen Iverson
79.4%
1992-93Shaquille O'Neal
78.4%
2006-07Brandon Roy
72.9%
1991-92Larry Johnson
71.5%
2016-17Malcolm Brogdon
70.8%
1979-80Larry Bird
70.5%
1985-86Patrick Ewing
68.6%
1989-90David Robinson
67.3%
2001-02Pau Gasol
65.7%
1994-95*Jason Kidd
65.6%
2000-01Mike Miller
65.2%
2002-03Amare Stoudemire
64.1%
2013-14Michael Carter-Williams
62.9%
2004-05Emeka Okafor
60.5%
1959-60Wilt Chamberlain
58.6%
1969-70Kareem Abdul-Jabbar
53.6%
2010-11Blake Griffin
52%
1994-95*Grant Hill
48.4%
1999-00*Elton Brand
47.3%
2009-10Tyreke Evans
47.3%
1993-94Chris Webber
46.2%
1960-61Oscar Robertson
45.5%
Year Player % Correct
1999-00*Steve Francis
44.5%
1995-96Damon Stoudamire
35.8%
1981-82Buck Williams
33.4%
1987-88Mark Jackson
32.6%
1983-84Ralph Sampson
30.6%
1965-66Rick Barry
29%
1990-91Derrick Coleman
28.5%
1968-69Wes Unseld
27.2%
1964-65Willis Reed
26.1%
1977-78Walter Davis
26.1%
1972-73Bob McAdoo
25.7%
1988-89Mitch Richmond
25.6%
1958-59Elgin Baylor
25.3%
1954-55Bob Pettit
23.9%
1970-71*Dave Cowens
19.3%
1976-77Adrian Dantley
15.6%
1966-67Dave Bing
14.3%
1967-68Earl Monroe
13.5%
1963-64Jerry Lucas
12.7%
1986-87Chuck Person
10.1%
1956-57Tom Heinsohn
10.1%
1961-62Walt Bellamy
8.1%
1982-83Terry Cummings
7.2%
1975-76Alvan Adams
6.8%
1980-81Darrell Griffith
6.5%
1974-75Jamaal Wilkes
5.1%
1970-71*Geoff Petrie
4.5%
1978-79Phil Ford
4.2%
1971-72Sidney Wicks
3.8%
1973-74Ernie DiGregorio
3.2%
1955-56Maurice Stokes
2.8%
1962-63Terry Dischinger
1.7%
1953-54Ray Felix
1.7%
1952-53Don Meineke
1.6%
1957-58Woody Sauldsberry
1.3%
Come Together.
Have Fun.
All Virtual.
We all need to come together. Play Sporcle's virtual live trivia to have fun, connect with people, and get your trivia on. Join a live hosted trivia game for your favorite pub trivia experience done virtually. If a virtual private party is more your thing, go here for details.

You're not logged in!

Compare scores with friends on all Sporcle quizzes.
OR
Log In

Sporcle TV

Today on Sporcle TV


Watch our educational content, quiz creation guides, and fun videos on Sporcle TV.

Show Comments

Extras

Top Quizzes Today


Score Distribution

Paid Content

Your Account Isn't Verified!

In order to create a playlist on Sporcle, you need to verify the email address you used during registration. Go to your Sporcle Settings to finish the process.

Report this User

Report this user for behavior that violates our Community Guidelines.

Details: